| 000 | 00521nam a2200193Ia 4500 | ||
|---|---|---|---|
| 003 | GCL | ||
| 008 | 140319s9999 xx 000 0 eng d | ||
| 040 |
_aGCL / _cGCL |
||
| 082 | 0 | 4 |
_a470 _bS L |
| 100 | 1 | _aSANDERS, HENRY A. | |
| 245 | 1 | 0 |
_aLATIN PARYRI IN THE UNIVERSITY OF MICHIGAN COLLECTION VOL.VII / _cSANDERS, HENRY A. |
| 700 | 1 | _aDUNLOP, JAMES E. | |
| 260 |
_a[S.N] : _bANN ARBOR ، _c1947 |
||
| 300 | _a126 P | ||
| 650 | 0 | 4 | _aPARYRUS |
| 650 | 0 | 4 | _aDOCUMENTATION |
| 650 | 0 | 4 | _aLATIN LANGUAGE |
| 942 |
_2ddc _cBK |
||
| 999 |
_c12323 _d12323 |
||